4 Movies, 1 Thing in Common XII Quiz Stats

 Plays Quiz Updated Oct 2, 2017

Challenge
Share
Tweet
Embed
Score 0/19 Timer 05:00
0 Plays Today
% Correct
Pregnancy
80.6%
Set in Africa
79.9%
Giant monster movies
78%
Bromance movies
75.7%
Main protagonist is an orphan
74%
Mind control movies
73.5%
1988 movies
73%
Movies with a tsunami
71%
Main character wears black
69%
From novels written by women
68.9%
% Correct
Best Costume Design Oscar Winners
67.7%
'A' list actors breakthrough movies
66.3%
Charlie Chaplin stars
64.7%
San Francisco car chases
64.7%
Set in Scotland
63.7%
Famous movie shootouts
62.5%
Female directors
50.2%
Christopher Walken has a role
45.3%
Stars a Bond girl
43.5%

You're not logged in!

Compare scores with friends on all Sporcle quizzes.
Join for Free
OR
Log In

You Might Also Like...

Show Comments

Extras

Top Quizzes Today


Score Distribution

Your Account Isn't Verified!

In order to create a playlist on Sporcle, you need to verify the email address you used during registration. Go to your Sporcle Settings to finish the process.

Report this User

Report this user for behavior that violates our Community Guidelines.

Details: